Statistics for Countries in Movie Franchises #1

Click here to take the quiz!

General Stats

  • This quiz has been taken 32 times
  • The average score is 9 of 16

Answer Stats

FranchiseFilmAnswer% Correct
JawsJawsUnited States
100%
AvengersInfinity WarUnited Kingdom
89%
Pirates of the CaribbeanThe Curse of the Black PearlJamaica
81%
Pirates of the CaribbeanThe Curse of the Black PearlHaiti
70%
AvengersEndgameJapan
67%
JawsJaws: The RevengeBahamas
63%
Jurassic ParkJurassic ParkCosta Rica
59%
Jurassic ParkJurassic ParkDominican Republic
59%
AvengersAvengersGermany
56%
AvengersAvengersIndia
52%
Pirates of the CaribbeanOn Stranger TidesSpain
48%
Pirates of the CaribbeanAt World's EndSingapore
33%
AvengersAge of UltronSouth Africa
33%
AvengersEndgameNorway
22%
AvengersAge of UltronSouth Korea
22%
Pirates of the CaribbeanDead Man's ChestTurkey
15%

Score Distribution

Percentile by Number Answered

Percent of People with Each Score

Your Score History

You have not taken this quiz